| 000 | 00000nam##2200000za#4500 |
| 001 | 9.691094 |
| 003 | CaOODSP |
| 005 | 20210624232622 |
| 007 | cr ||||||||||| |
| 008 | 150407|2008||||xxc|||||o f|0| 0 eng|d |
| 020 | |a978-0-662-48924-5 |
| 040 | |aCaOODSP|beng |
| 043 | |an-cn--- |
| 086 | 1 |aA22-464/2008E-PDF |
| 110 | 1 |aCanada. |bAgriculture and Agri-Food Canada. |
| 245 | 10|aAgriculture and Agri-Food Canada - three-year risk-based audit plan 2008/09 to 2010/11 / |h[electronic resource]|cby Office of Audit and Evaluation. |
| 246 | 1 |aAAFC Three-Year Risk-Based Audit Plan |
| 260 | |aOttawa - Ontario : |bAgriculture and Agri-Food Canada |cApril 2008. |
| 300 | |a17p.|btables |
| 590 | |a11-01-Supp|b2011-01-11 |
| 775 | 08|tAgriculture et Agroalimentaire Canada, plan de vérification triennal axé sur les risques de 2008-2009 à 2010-2011 / |w(CaOODSP)9.635428 |
| 856 | 40|ahttp://publications.gc.ca|qPDF|s278 KB|uhttps://publications.gc.ca/collections/collection_2010/agr/A22-464-2008-eng.pdf |
| 986 | |aAAFC No. 10656E |